000
003310000a22001450004500
041
0
_a
SPA
090
_a
AV 0017
100
1
_a
Kessler, Juan
245
1
0
_a
La cruz de Cristo / Juan Kessler
260
_a
San José, Costa Rica : IINDEF
300
_a
88 Pag
650
1
4
_a
REDENCION - ENSEÑANZA BIBLICA
001
3715
942
_c
BK
999
_c
34355
_d
34355